| 000 | 00891cam a22002777a 4500 | ||
|---|---|---|---|
| 003 | CHAP | ||
| 005 | 20220329141403.0 | ||
| 008 | 971013s r 00010 d | ||
| 010 | _a67373 | ||
| 011 | _a68345 | ||
| 035 | _a77817 | ||
| 040 | _cCHAP | ||
| 090 | _aR-3051 | ||
| 100 | 0 | 0 |
_aDavidov, S. T. _931174 |
| 245 | 0 | _a[Fierro y manganeso en frutas y bayas de plantas silvestres en el sur de Urales] | |
| 500 | _aSobretiro de : Trudy Piervoi Vses. Konf. Po Biol Ktivnyni Vestches tvam Pladov y Yogodov, 1961 : 125-126 | ||
| 500 | _aTexto en ruso | ||
| 590 |
_aBATCH-UPD _b10 _c20130110 _lUCH01 _h0416 |
||
| 590 |
_aBATCH-UPD _b10 _c20130110 _lUCH01 _h2136 |
||
| 590 |
_aCONVERSION _b10 _c20130109 _lUCH01 _h1337 |
||
| 650 | 1 | 4 |
_aHierro en plantas. _955304 |
| 650 | 1 | 4 |
_aManganeso en plantas. _970386 |
| 901 | _aBK | ||
| 942 | _cREIMP | ||
| 949 |
_aR-3051 _bBC _cR _d-30689 _eTS1 _i77817 _si |
||
| 999 |
_c67373 _d67373 |
||